000 00473nam a2200181Ia 4500
001 11356
005 20260306162822.0
008 260306t1988||||xx |||||||||||||| ||spa||
041 _aESP
082 _a985.033084
_bO57
100 _aO´Phelan Godoy, Scarlett
_eAUT
245 0 _aUn siglo de rebeliones anticoloniales:
_bPerú y Bolivia 1700-1783
260 _c1988
300 _a351 páginas :
_c24 cm.
650 _aGEN
654 _aCHU
942 _cLIB
_dJUS
_fJUS
_2ddc
_n
999 _c11356
_d11356